Statystyki dla Czy znasz każdego zwycięzcę PSM?

Kliknij tutaj aby rozwiązać quiz!

Ogólne statystyki

  • Ten quiz został rozwiązany 3 razy
  • Średni wynik to 9 z 12

Statystyki odpowiedzi

HintOdpowiedź% Poprawnych
PSM 7Kacper Krasocki
100%
PSM 5Kacper Krasocki
100%
PSM 3Marcelina Abadeer
100%
PSM 6Marcelina Abadeer
100%
PSM 8Marcelina Abadeer
100%
PSM 11Marcelina Abadeer
100%
PSM 12Lauren Vandamme
67%
PSM 10Michał Krasocki Soczek
67%
PSM 1Perydot Klejnot
67%
PSM 4Radziecki Pieseł
67%
PSM 9Lun Lun
33%
PSM 2Szeregowy Pingwin
33%

Rozkład punktacji

Percentyl według liczby udzielonych odpowiedzi

Procent ludzi z każdym wynikiem

Twoja historia wyników

Nie rozwiązałeś tego quizu